000 00306nam a22001337a 4500
008 170421b xxu||||| |||| 00| 0 eng d
020 _a0964007215
041 _aeng
080 _22ND
_a573
100 _a11
101 _aSHM
245 _aREPRODUCTIVE BIOLOGY OF THE MARE
_cGINTHER, O.J
942 _2udc
_cBK
999 _c11467
_d11467